Lễ hội Rija Nagar của người Chăm
Đặc điểm cư trú, văn hóa xã hội của người Chăm. Lễ hội Rija Nâgar
Na minha lista:
| Autor principal: | |
|---|---|
| Formato: | Livro |
| Idioma: | Vietnamese |
| Publicado em: |
H.
Hội nhà văn
2016
|
| Assuntos: | |
| Tags: |
Adicionar Tag
Sem tags, seja o primeiro a adicionar uma tag!
|
| Thư viện lưu trữ: | Mạng thư viện Đại học Đà Nẵng |
|---|
| LEADER | 01263nam a2200337 4500 | ||
|---|---|---|---|
| 001 | 000025106 | ||
| 003 | 21597 | ||
| 005 | 20170508150537.0 | ||
| 008 | 170505s2016 viesd | ||
| 041 | 0 | |a vie | |
| 082 | 1 | 4 | |a 394.269597 |b SƯ-N |
| 100 | 1 | |a Sử Văn Ngọc | |
| 245 | 1 | 0 | |a Lễ hội Rija Nagar của người Chăm |c Sử Văn Ngọc |
| 260 | |a H. |b Hội nhà văn |c 2016 | ||
| 300 | |a 855 tr. |c 21 cm. | ||
| 500 | |a ĐTTS ghi: Hội văn nghệ dân gian Việt Nam | ||
| 520 | 3 | |a Đặc điểm cư trú, văn hóa xã hội của người Chăm. Lễ hội Rija Nâgar | |
| 650 | 0 | 4 | |a Văn hóa dân gian |x Người Chăm |x Lễ hội |z Việt Nam |
| 650 | 0 | 4 | |a Người Chăm |x Phong tục tập quán |z Việt Nam |
| 653 | |a Dân tộc Chăm | ||
| 653 | |a Lễ hội Rija Nagar | ||
| OWN | |a LSP | ||
| AVA | |a UDN50 |b LSP |d 394.269597 SƯ-N |e available |t Error 5001 Not defined in file expand_doc_bib_avail. |f 1 |g 0 |h N |i 0 |k 1 | ||
| 999 | |a From the UDN01 | ||
| AVA | |a UDN50 |b LSP |d 394.269597 SƯ-N |e available |t Error 5001 Not defined in file expand_doc_bib_avail. |f 1 |g 0 |h N |i 0 |k 1 | ||
| TYP | |a Monograph | ||
| TYP | |a Printed language | ||
| 980 | |a Mạng thư viện Đại học Đà Nẵng | ||